Records de la franchise des Raptors de Toronto - Statistiques

Statistiques générales
  • Ce quiz a été pris 82 fois
  • Le résultat moyen est 8 sur 12
Statistiques - réponses
Statistique Nom du joueur Nombre % Correct
Meilleur marqueur DeMar DeRozan 13 296 points
96%
Tirs marqués DeMar DeRozan 4 716 tirs marqués
93%
Meilleur passeur Kyle Lowry 4 277 passes décisives
93%
Matchs joués DeMar DeRozan 726 matchs
91%
Lancers-francs marqués DeMar DeRozan 3 539 tirs
90%
Meilleur intercepteur Kyle Lowry 873 interceptions
88%
3 points marqués Kyle Lowry 1 518 tirs
87%
Meilleur rebondeur Chris Bosh 4 776 rebonds
54%
Meilleur contreur Chris Bosh 600 contres
54%
Meilleur pourcentage à 3 points Danny Green 45,5 %
15%
Meilleur pourcentage au lancer-franc José Calderón 87,7 %
15%
Meilleur pourcentage au tir Amir Johnson 57,2 %
3%
Aucun quiz correspondant
Distribution des résultats
% des personnes avec chaque résultat
Percentile par nombre de réponses
Votre historique - résultats
Vous n’avez pas pris ce quiz